000 00596nam a2200229Ia 4500
003 OSt
005 20220918231355.0
006 a|||||r|||| 00| 0
007 ta
008 220917b |||||||| |||| 00| 0 eng d
024 _a278,898
037 _cTextual
040 _aARTS
_cARTS
_beng
041 _2eng
_aeng
082 _aWv, G9
100 _aCatlin George
_9119535
245 0 _aStory of the political philosopher
260 _aNew York
_bMcGraaw - Hill Book Company
_c1939
300 _a802p.
_ccm.
942 _hWv, G9
_cTEXL
_2CC
999 _c290803
_d290803